000 00589nam a2200193 i 4500
001 29568
003 ES-MaACL
005 20230906154044.0
007 t|
008 030122s1969 sp ||||1| spa d
100 1 _aBarnard, Christian.
_925704
245 1 0 _aMi vida /
_cpor Christian Barnard y Curtis Bill Pepper ; [traducción de J. Ferrer Aleu].
250 _a1ª ed.
260 _aBarcelona :
_bPlaza & Janés,
_c1969.
300 _a599 p., 16 lám. ;
_c19 cm.
700 1 _aFerrer Aleu, J.
_950442
700 1 _aPepper, Curtis Bill.
_990335
852 _aES-MaACL
_jC-39486
_bR.72083
999 _c29568
_d29568